NBA Teams by player EASY - Statistics

General Stats
  • This quiz has been taken 74 times
  • The average score is 27 of 30
Answer Stats
Picture Answer % Correct
Lakers
97%
Warriors
96%
Clippers
94%
Heat
94%
Grizzlies
93%
Hornets
93%
Nets
93%
Thunder
93%
Bucks
91%
Bulls
91%
Celtics
91%
Kings
91%
Magic
91%
Nuggets
91%
Rockets
91%
Spurs
91%
76ers
90%
Jazz
90%
Mavericks
90%
Pacers
90%
Pelicans
90%
Raptors
90%
Cavs
88%
Knicks
88%
Pistons
88%
Suns
88%
Wizards
88%
Blazers
87%
Hawks
87%
Timberwolves
87%
No matching quizzes found
Score Distribution
Percent of People with Each Score
Percentile by Number Answered
Your Score History
You have not taken this quiz